|
|
|
|
| LEADER |
00726cam a2200193 7i4500 |
| 001 |
0000001092 |
| 005 |
20170218090000.0 |
| 020 |
|
|
|a 9789839340266
|
| 020 |
|
|
|a 9839340263 (pbk.)
|
| 090 |
0 |
0 |
|a QA76.64
|b .N48 2001
|
| 100 |
0 |
|
|a Nor Hasbiah Ubaidullah
|
| 245 |
1 |
0 |
|a Asas pengaturcaraan berorientasikan objek dengan C++
|c Nor Hasbiah Ubaidullah, Mazidah Puteh ; penyunting Nurazzah Abdul Rahman.
|
| 260 |
|
|
|a Kuala Lumpur:
|b McGraw Hill,
|c 2001.
|
| 300 |
|
|
|a 121 p.;
|c 21 cm.
|
| 650 |
0 |
0 |
|a C++ (Computer program language)
|
| 700 |
0 |
|
|a Nurazzah Abdul Rahman
|
| 700 |
0 |
|
|a Mazidah Puteh
|
| 997 |
|
|
|a Communication, Visual Art & Computing, Faculty
|b Computing, Department
|
| 999 |
|
|
|a 0000007816
|b BOK
|c OPEN SHELF
|e 2nd Floor, Bestari Jaya
|